000 00718cam a2200265 a 4500
001 14785078
003 OSt
005 20250901165812.0
008 070327s2006 ke 000 0 swa
010 _a 2007380379
020 _a9966773096
040 _aDLC
_cDLC
042 _alcode
050 0 0 _aPL8704.W36 2007
_bM77 2006
100 1 _aWamitila, K. W.
245 1 0 _aMsimu wa vipepeo /
_cK.W. Wamitila.
260 _aNairobi :
_bVide-Muwa Publishers,
_c2006.
300 _a328 p. ;
_c21 cm.
490 0 _aVito vya fasihi ;
_vS6
520 _aA novel.
546 _aIn Swahili.
906 _a7
_bcbc
_corigode
_d3
_encip
_f20
_gy-gencatlg
942 _2lcc
_cBK
999 _c9427
_d9427